[Event "M.Chigorin Memorial 2017 "]
[Site "?????-?????????"]
[Date "2017.10.26"]
[Round "6"]
[Board "11"]
[White "Sindarov, Javokhir"]
[Black "Pridorozhni, Aleksei"]
[Result "0-1"]
[WhiteElo "2406"]
[BlackElo "2565"]
[PlyCount "116"]
[EventDate "2017.10.21"]
[EventRounds "9"]
[EventCountry "RUS"]

1. e4 e6 2. d4 d5 3. exd5 exd5 4. Nf3 Nf6 5. Bd3 Bd6 6. O-O O-O 7. h3 h6 8. c4
dxc4 9. Bxc4 Nc6 10. Nc3 Bf5 11. a3 Qd7 12. Re1 Rfe8 13. Be3 a6 14. Rc1 Rad8
15. b4 Ne4 16. Nxe4 Bxe4 17. Nd2 Bf5 18. Qh5 Bf8 19. Nf3 Be6 20. Bxe6 Rxe6 21.
Ne5 Qe8 22. Nxc6 Rxc6 23. d5 Rxc1 24. Rxc1 Bd6 25. Bc5 Qe5 26. Qxe5 Bxe5 27.
Rd1 b6 28. Be3 Kf8 29. Kf1 Ke7 30. Ke2 Kd6 31. g4 Ra8 32. Rd3 Kd7 33. Bd2 Bd6
34. h4 Re8+ 35. Kf3 Be7 36. Kg3 Bf6 37. h5 Re4 38. f4 Kd6 39. Kf3 Rc4 40. Be3
Bb2 41. g5 f5 42. gxf6 Bxf6 43. Bf2 a5 44. bxa5 bxa5 45. Be1 Bd4 46. Bxa5 Kxd5
47. Rb3 c5 48. Kg4 Ra4 49. Bd2 Ke4 50. Rf3 Rc4 51. f5 Rc2 52. f6 Bxf6 53. Rf4+
Kd3 54. Be1 Rg2+ 55. Kf3 Rh2 56. Rf5 Bd4 57. a4 Ra2 58. a5 c4  0-1

[Event "M.Chigorin Memorial 2017 "]
[Site "?????-?????????"]
[Date "2017.10.26"]
[Round "6"]
[Board "12"]
[White "Ofitserian, Boris"]
[Black "Timofeev, Artyom"]
[Result "0-1"]
[WhiteElo "2402"]
[BlackElo "2549"]
[PlyCount "74"]
[EventDate "2017.10.21"]
[EventRounds "9"]
[EventCountry "RUS"]

1. d4 d5 2. c4 e6 3. Nf3 a6 4. g3 dxc4 5. Nc3 b5 6. Bg2 Bb7 7. a4 b4 8. Nb1 c5
9. Qc2 cxd4 10. Qxc4 Nc6 11. O-O Rc8 12. Qd3 e5 13. Nbd2 Nf6 14. e3 Bc5 15.
exd4 O-O 16. d5 Qxd5 17. Qxd5 Nxd5 18. Ne4 Be7 19. Bg5 f6 20. Bh3 Rcd8 21. Rfd1
Kf7 22. Rac1 h6 23. Bd2 Nb6 24. Bf1 Na5 25. Re1 Nb3 26. Rc7 Nxd2 27. Nfxd2 Rd7
28. Rxd7 Nxd7 29. Nb3 Rc8 30. Na5 Bd5 31. Bxa6 Rc2 32. Bb7 Bxb7 33. Nxb7 Rxb2
34. Rd1 Ke6 35. Ned6 b3 36. Rd3 Rb1+ 37. Kg2 b2  0-1

[Event "M.Chigorin Memorial 2017 "]
[Site "?????-?????????"]
[Date "2017.10.26"]
[Round "6"]
[Board "13"]
[White "Paravyan, David"]
[Black "Meribanov, Vitaly"]
[Result "1-0"]
[WhiteElo "2548"]
[BlackElo "2386"]
[PlyCount "83"]
[EventDate "2017.10.21"]
[EventRounds "9"]
[EventCountry "RUS"]

1. e4 c5 2. Nf3 Nc6 3. Nc3 Nf6 4. Bb5 Qc7 5. O-O Nd4 6. Re1 a6 7. Bf1 Ng4 8. g3
Nxf3+ 9. Qxf3 Ne5 10. Qe3 e6 11. b3 Be7 12. f4 Nc6 13. Nd5 exd5 14. exd5 O-O
15. Bb2 Bd6 16. dxc6 dxc6 17. Bd3 b5 18. Be5 Bxe5 19. Qxe5 Qa7 20. Re3 Bd7 21.
Rae1 Rae8 22. Qg5 h6 23. Qh5 Rxe3 24. Rxe3 Re8 25. Kf2 Kf8 26. c4 Rxe3 27. dxe3
Be8 28. g4 f6 29. Qf5 Qe7 30. h3 Qd6 31. Ke2 a5 32. Qc8 Kf7 33. Qa8 Qc7 34.
cxb5 cxb5 35. Bg6+ Kxg6 36. Qxe8+ Kh7 37. Qxb5 h5 38. gxh5 Qc8 39. Qxa5 c4 40.
Qc3 Qxh3 41. Qxc4 Qxh5+ 42. Kd2  1-0

[Event "M.Chigorin Memorial 2017 "]
[Site "?????-?????????"]
[Date "2017.10.26"]
[Round "6"]
[Board "14"]
[White "Sarana, Alexey"]
[Black "Nesterov, Arseniy"]
[Result "1-0"]
[WhiteElo "2543"]
[BlackElo "2350"]
[PlyCount "81"]
[EventDate "2017.10.21"]
[EventRounds "9"]
[EventCountry "RUS"]

1. e4 e6 2. d4 d5 3. Nc3 Bb4 4. e5 c5 5. a3 Bxc3+ 6. bxc3 Qa5 7. Bd2 Qa4 8. Qb1
c4 9. Ne2 Nc6 10. Nf4 f6 11. Nh5 Kf7 12. exf6 Nxf6 13. Qd1 Bd7 14. Be2 Rhf8 15.
Nxf6 gxf6 16. Bf4 Ke7 17. O-O Qa5 18. Qd2 Nd8 19. h4 Nf7 20. Rfe1 Rac8 21. Bg4
Rc6 22. Bf5 Rh8 23. Qe3 Kd8 24. Bg4 Rg8 25. Bh5 Ke7 26. a4 Be8 27. Qf3 Nd8 28.
Bc1 Bxh5 29. Qxh5 Rg7 30. Re3 Kd7 31. Rf3 Kc8 32. Qe8 Rd7 33. Bh6 e5 34. dxe5
fxe5 35. Bg5 e4 36. Rf8 h6 37. Bd2 Qa6 38. Bf4 Rf6 39. Qe5 Rdf7 40. Qb8+ Kd7
41. Qxd8+  1-0

[Event "M.Chigorin Memorial 2017 "]
[Site "?????-?????????"]
[Date "2017.10.26"]
[Round "6"]
[Board "15"]
[White "Vokhidov, Shamsiddin"]
[Black "Soffer, Ram"]
[Result "1-0"]
[WhiteElo "2399"]
[BlackElo "2500"]
[PlyCount "99"]
[EventDate "2017.10.21"]
[EventRounds "9"]
[EventCountry "RUS"]

1. e4 c5 2. Nf3 e6 3. d4 cxd4 4. Nxd4 Nc6 5. Nc3 Qc7 6. Be3 a6 7. Qf3 b5 8.
O-O-O Bb7 9. Qg3 Qxg3 10. hxg3 Bc5 11. f3 Nge7 12. Kb1 Bxd4 13. Bxd4 Nxd4 14.
Rxd4 Nc6 15. Rd2 Ke7 16. Be2 d6 17. Nd1 h5 18. Ne3 g6 19. Rhd1 Rhd8 20. a4 Na7
21. axb5 axb5 22. b4 Bc6 23. c3 Nc8 24. Ra2 Nb6 25. Rxa8 Rxa8 26. Kb2 e5 27.
Bd3 Bd7 28. Bc2 Be6 29. Bb3 Kd7 30. f4 Bxb3 31. Kxb3 exf4 32. gxf4 Kc6 33. Nc2
Nc4 34. Nd4+ Kb6 35. Nxb5 Kxb5 36. Rd5+ Kc6 37. Kxc4 Ra2 38. g3 Re2 39. b5+ Kc7
40. e5 dxe5 41. Rxe5 Rxe5 42. fxe5 Kb6 43. Kd5 Kxb5 44. c4+ Ka6 45. c5 Kb7 46.
Kd6 Kc8 47. Ke7 g5 48. Kxf7 h4 49. e6 hxg3 50. e7  1-0

[Event "M.Chigorin Memorial 2017 "]
[Site "?????-?????????"]
[Date "2017.10.26"]
[Round "6"]
[Board "16"]
[White "Litvinov, Maxim"]
[Black "Lomasov, Semen"]
[Result "0-1"]
[WhiteElo "2373"]
[BlackElo "2490"]
[PlyCount "102"]
[EventDate "2017.10.21"]
[EventRounds "9"]
[EventCountry "RUS"]

1. e4 c6 2. d4 d5 3. exd5 cxd5 4. Bd3 Nc6 5. c3 Qc7 6. h3 Nf6 7. Nf3 g6 8. Nbd2
Bf5 9. Bxf5 gxf5 10. Nf1 e6 11. Ng3 Rg8 12. O-O Bd6 13. Ne2 Ne4 14. Ne1 O-O-O
15. Nd3 Ne7 16. Bf4 Ng6 17. Bxd6 Qxd6 18. Kh1 h5 19. f3 Nf6 20. Qd2 h4 21. Nef4
Nxf4 22. Qxf4 Qe7 23. Qxh4 Rh8 24. Qe1 Nh5 25. f4 Rdg8 26. Rf3 Rh7 27. Qe3 Rhg7
28. Rg1 Rg3 29. Kh2 Qh4 30. Rxg3 Rxg3 31. Qf2 Nf6 32. Qxg3 Ng4+ 33. Qxg4 fxg4
34. Re1 gxh3 35. gxh3 Qh5 36. Re3 Qd1 37. Kg3 Kd8 38. a3 Ke7 39. Kg2 Qd2+ 40.
Kf3 Kf6 41. h4 b6 42. h5 Kg7 43. f5 exf5 44. a4 Kh6 45. Kf4 f6 46. Kf3 Kg5 47.
Nb4 Qxb2 48. Nxd5 Qa1 49. Re2 Qf1+ 50. Rf2 Qd3+ 51. Ne3 Qe4+  0-1

[Event "M.Chigorin Memorial 2017 "]
[Site "?????-?????????"]
[Date "2017.10.26"]
[Round "6"]
[Board "17"]
[White "Ivlev, Aleksey"]
[Black "Lugovskoy, Maxim"]
[Result "0-1"]
[WhiteElo "2296"]
[BlackElo "2474"]
[PlyCount "66"]
[EventDate "2017.10.21"]
[EventRounds "9"]
[EventCountry "RUS"]

1. d4 d5 2. c4 e6 3. Nf3 Nf6 4. Nc3 Be7 5. Bf4 O-O 6. e3 b6 7. cxd5 Nxd5 8.
Nxd5 exd5 9. Bd3 c5 10. O-O Nc6 11. h3 c4 12. Rc1 Be6 13. Bb1 f5 14. Ne5 Nxe5
15. Bxe5 Bd6 16. f4 b5 17. Rc2 Qd7 18. Rcf2 a5 19. g4 b4 20. Rg2 g6 21. Kh2
Rad8 22. Rfg1 Bxe5 23. dxe5 fxg4 24. hxg4 d4 25. Rd2 Qe7 26. Kg3 dxe3 27. Rxd8
Rxd8 28. Qf3 Qc5 29. Re1 Rd2 30. Rxe3 Bd5 31. Be4 Bxe4 32. Qxe4 Qxe3+ 33. Qxe3
Rd3  0-1

[Event "M.Chigorin Memorial 2017 "]
[Site "?????-?????????"]
[Date "2017.10.26"]
[Round "6"]
[Board "18"]
[White "Usmanov, Vasily"]
[Black "Gogin, Maksim"]
[Result "0-1"]
[WhiteElo "2463"]
[BlackElo "2296"]
[PlyCount "66"]
[EventDate "2017.10.21"]
[EventRounds "9"]
[EventCountry "RUS"]

1. d4 Nf6 2. Nf3 g6 3. Bf4 Bg7 4. Nc3 d5 5. Nb5 Na6 6. e3 c6 7. Nc3 Qa5 8. Nd2
Nh5 9. Nb3 Qb6 10. Bg5 e5 11. Qd2 exd4 12. exd4 O-O 13. Be2 Nf6 14. Qf4 Ne4 15.
Nxe4 dxe4 16. O-O Nc7 17. Qxe4 Bf5 18. Qh4 Rfe8 19. Be3 Bxc2 20. Bc4 Nd5 21.
Rac1 Bf5 22. Bxd5 cxd5 23. Rc5 Be4 24. Rfc1 Bf8 25. Bg5 a5 26. R5c3 a4 27. Nc5
Qxb2 28. Nd7 Ra6 29. Nf6+ Rxf6 30. Bxf6 Bc2 31. Qxh7+ Kxh7 32. Rh3+ Bh6 33. Bg5
Qxc1+  0-1

[Event "M.Chigorin Memorial 2017 "]
[Site "?????-?????????"]
[Date "2017.10.26"]
[Round "6"]
[Board "19"]
[White "Mkrtchyan, Sargis R."]
[Black "Li, Yankai"]
[Result "1/2-1/2"]
[WhiteElo "2145"]
[BlackElo "2455"]
[PlyCount "123"]
[EventDate "2017.10.21"]
[EventRounds "9"]
[EventCountry "RUS"]

1. d4 Nf6 2. c4 e6 3. g3 d5 4. Nf3 Bb4+ 5. Bd2 Be7 6. Bg2 O-O 7. O-O c6 8. Qc2
Nbd7 9. Bf4 b6 10. Rd1 Ba6 11. Ne5 Nxe5 12. dxe5 Nd7 13. cxd5 cxd5 14. Nc3 Rc8
15. e4 d4 16. Rxd4 Qc7 17. Rad1 Rfd8 18. h4 h6 19. h5 Nc5 20. Bf1 Bxf1 21. Kxf1
Rxd4 22. Rxd4 Qc6 23. Qe2 Rd8 24. Rxd8+ Bxd8 25. Qc4 Qd7 26. Ke2 a5 27. Be3 Be7
28. Qb5 Qc7 29. Qe8+ Bf8 30. f4 Qb7 31. Kf3 a4 32. Bxc5 bxc5 33. Qb5 Qc7 34.
Qxa4 c4 35. Qb5 Qa7 36. Qxc4 Qg1 37. b4 Qh1+ 38. Ke3 Qg1+ 39. Kd2 Qxg3 40. Ne2
Qa3 41. b5 Bc5 42. Qb3 Qa8 43. Kd3 Qd8+ 44. Kc2 Bb6 45. a4 Ba5 46. Qd3 Qc7+ 47.
Kb3 Qc5 48. Qd4 Qc7 49. Qd6 Qc8 50. Qc6 Qd8 51. Qd6 Qc8 52. Qa6 Qc7 53. f5 Kh7
54. fxe6 fxe6 55. Qxe6 Qc5 56. Qc4 Qxe5 57. Qd5 Qa1 58. Qf5+ Kh8 59. Qc8+ Kh7
60. Qf5+ Kh8 61. Qf8+ Kh7 62. Qf5+  1/2-1/2

[Event "M.Chigorin Memorial 2017 "]
[Site "?????-?????????"]
[Date "2017.10.26"]
[Round "6"]
[Board "20"]
[White "Chekletsov, Ilya"]
[Black "Volkov, Sergey"]
[Result "0-1"]
[WhiteElo "2372"]
[BlackElo "2638"]
[PlyCount "108"]
[EventDate "2017.10.21"]
[EventRounds "9"]
[EventCountry "RUS"]

1. d4 d5 2. c4 c6 3. Nf3 Nf6 4. Qb3 dxc4 5. Qxc4 Bf5 6. g3 e6 7. Bg2 Be7 8. O-O
O-O 9. e3 Nbd7 10. Rd1 Qc7 11. Nc3 Bg6 12. Qe2 b5 13. b3 a5 14. Bb2 a4 15. Rac1
Qb6 16. h3 h6 17. Nd2 Rfc8 18. Qf3 axb3 19. axb3 Nd5 20. e4 Nb4 21. Nf1 c5 22.
d5 Bf6 23. Qe2 Bd4 24. Ra1 Ne5 25. Kh2 exd5 26. f4 Rxa1 27. Bxa1 Nd7 28. Nxd5
Nxd5 29. exd5 Bxa1 30. Rxa1 c4 31. bxc4 bxc4 32. Rc1 c3 33. Ne3 Qf6 34. d6 Re8
35. Qf3 Be4 36. Ng4 Qxd6 37. Qxc3 Bxg2 38. Kxg2 Qd5+ 39. Kg1 Re2 40. Nf2 Nf6
41. Rc2 Re6 42. Qd2 Qb7 43. Rb2 Qa8 44. Rc2 h5 45. Qc3 Qd5 46. Qd2 Qb7 47. Qc3
Re8 48. Qc6 Qb8 49. Qc7 Qb1+ 50. Rc1 Qg6 51. Kh2 Re2 52. Qd8+ Kh7 53. Rf1 Ne4
54. Qd3 Rxf2+  0-1

[Event "M.Chigorin Memorial 2017 "]
[Site "?????-?????????"]
[Date "2017.10.26"]
[Round "6"]
[Board "21"]
[White "Sethuraman, S.P."]
[Black "Bashirli, Nail"]
[Result "1-0"]
[WhiteElo "2632"]
[BlackElo "2363"]
[PlyCount "57"]
[EventDate "2017.10.21"]
[EventRounds "9"]
[EventCountry "RUS"]

1. e4 Nf6 2. e5 Nd5 3. d4 d6 4. Nf3 g6 5. Bc4 Nb6 6. Bb3 Bg7 7. Ng5 e6 8. Qf3
O-O 9. Qh3 h6 10. Nf3 dxe5 11. dxe5 h5 12. Bg5 Qe8 13. O-O Bd7 14. Nbd2 Bc6 15.
Rfe1 N8d7 16. Qh4 a5 17. a4 Qb8 18. h3 Bxf3 19. Nxf3 c5 20. g4 c4 21. gxh5 gxh5
22. Bf6 Nxf6 23. exf6 Bh6 24. Re5 Kh7 25. Rxh5 Rg8+ 26. Kh1 Qf8 27. Ng5+ Rxg5
28. Rxg5 cxb3 29. Rag1  1-0

[Event "M.Chigorin Memorial 2017 "]
[Site "?????-?????????"]
[Date "2017.10.26"]
[Round "6"]
[Board "22"]
[White "Kokarev, Dmitry"]
[Black "Palachev, Petr"]
[Result "1-0"]
[WhiteElo "2622"]
[BlackElo "2372"]
[PlyCount "113"]
[EventDate "2017.10.21"]
[EventRounds "9"]
[EventCountry "RUS"]

1. e4 c5 2. Nc3 Nc6 3. Bb5 Nd4 4. Nf3 e6 5. O-O Nxb5 6. Nxb5 a6 7. Nc3 d6 8. d4
Be7 9. dxc5 dxc5 10. Qxd8+ Bxd8 11. Be3 b6 12. a4 Nf6 13. Nd2 Nd7 14. Bf4 e5
15. Bg3 Bb7 16. Nc4 Bc7 17. f4 exf4 18. Bxf4 Bxf4 19. Rxf4 O-O 20. Rd1 Rad8 21.
Rd6 b5 22. axb5 axb5 23. Nxb5 Nf6 24. e5 Ne4 25. Rb6 Rd1+ 26. Rf1 Rxf1+ 27.
Kxf1 Bd5 28. Ne3 Ba8 29. Nc7 Rc8 30. Ke2 h5 31. Nxa8 Rxa8 32. Rc6 Rd8 33. Nc4
Rd5 34. Ke3 Ng5 35. Rd6 Rxd6 36. Nxd6 Kf8 37. Nb7 Ne6 38. Ke4 h4 39. Nd6 g6 40.
c3 Ke7 41. Nc4 f5+ 42. exf6+ Kxf6 43. Ne3 Kg5 44. h3 Kf6 45. Kd5 g5 46. Ke4 Kg6
47. b4 cxb4 48. cxb4 Nc7 49. Ke5 Nb5 50. Nf5 Na7 51. Nd4 g4 52. b5 Nc8 53. Nf5
gxh3 54. gxh3 Kg5 55. Nd4 Nb6 56. Nf3+ Kh5 57. Kd6  1-0

[Event "M.Chigorin Memorial 2017 "]
[Site "?????-?????????"]
[Date "2017.10.26"]
[Round "6"]
[Board "23"]
[White "Predke, Alexandr"]
[Black "Baltabaev, Temirlan"]
[Result "1-0"]
[WhiteElo "2601"]
[BlackElo "2353"]
[PlyCount "90"]
[EventDate "2017.10.21"]
[EventRounds "9"]
[EventCountry "RUS"]

1. e4 e5 2. Nf3 Nc6 3. Bb5 a6 4. Ba4 Nf6 5. O-O b5 6. Bb3 Bb7 7. Re1 Bc5 8. c3
O-O 9. d4 Bb6 10. Bg5 d6 11. a4 Re8 12. d5 Na5 13. Ba2 c6 14. axb5 axb5 15. Na3
cxd5 16. Bxd5 Bxd5 17. Bxf6 Qxf6 18. Qxd5 Qe6 19. Qxe6 Rxe6 20. Nxb5 Rb8 21. b4
Nc4 22. Na3 Nxa3 23. Rxa3 g6 24. Rd1 f5 25. Kf1 Rf6 26. Nd2 g5 27. exf5 Rxf5
28. Ne4 Rf4 29. f3 g4 30. Ke2 gxf3+ 31. gxf3 Rh4 32. Rxd6 Rxh2+ 33. Kd3 Rh3 34.
Rf6 Rd8+ 35. Kc4 Be3 36. Ra2 Rh6 37. Rg2+ Kh8 38. Rxh6 Bxh6 39. b5 Be3 40. Nf6
Rf8 41. Nd5 Ba7 42. b6 Bb8 43. Ne7 Bd6 44. Nc6 Rxf3 45. Rd2 Rf6  1-0

[Event "M.Chigorin Memorial 2017 "]
[Site "?????-?????????"]
[Date "2017.10.26"]
[Round "6"]
[Board "24"]
[White "Savchenko, Boris"]
[Black "Ponfilenok, Vladimir"]
[Result "1-0"]
[WhiteElo "2585"]
[BlackElo "2350"]
[PlyCount "69"]
[EventDate "2017.10.21"]
[EventRounds "9"]
[EventCountry "RUS"]

1. d4 e6 2. e4 d5 3. Nc3 Bb4 4. a3 Bxc3+ 5. bxc3 dxe4 6. Qg4 Nf6 7. Qxg7 Rg8 8.
Qh6 c5 9. Ne2 Bd7 10. Bg5 Rg6 11. Qh4 Bc6 12. d5 exd5 13. Nf4 Rxg5 14. Qxg5
Nbd7 15. Be2 Qa5 16. Qg3 O-O-O 17. O-O Rg8 18. Qh3 Qc7 19. Nh5 Qe5 20. Nxf6
Qxf6 21. a4 Kc7 22. Bb5 Ne5 23. Kh1 h5 24. Bxc6 bxc6 25. a5 Rg4 26. a6 Rf4 27.
Rab1 Ng4 28. Kg1 Kd6 29. f3 Ne3 30. Qc8 Nxf1 31. Rb7 exf3 32. Qe8 c4 33. Rd7+
Kc5 34. Qf8+ Kb6 35. Qb4+  1-0

[Event "M.Chigorin Memorial 2017 "]
[Site "?????-?????????"]
[Date "2017.10.26"]
[Round "6"]
[Board "25"]
[White "Fenil, Shah"]
[Black "Batchuluun, Tsegmed"]
[Result "0-1"]
[WhiteElo "2350"]
[BlackElo "2571"]
[PlyCount "88"]
[EventDate "2017.10.21"]
[EventRounds "9"]
[EventCountry "RUS"]

1. d4 Nf6 2. c4 e6 3. g3 Bb4+ 4. Nd2 O-O 5. Bg2 d5 6. Ngf3 dxc4 7. Qc2 Nc6 8.
Qxc4 Qd5 9. O-O Bxd2 10. Qxd5 exd5 11. Bxd2 Bg4 12. e3 Ne4 13. Rfd1 Nxd2 14.
Rxd2 Bxf3 15. Bxf3 Ne7 16. e4 Rad8 17. Re1 Rfe8 18. exd5 Nf5 19. Rc1 Re7 20.
Kg2 Nd6 21. Rdc2 Rdd7 22. h4 g6 23. Rc3 Kf8 24. Rc5 b6 25. Rc6 Ke8 26. Bg4 f5
27. Bd1 Kd8 28. Bf3 Ne8 29. h5 g5 30. Kf1 Rd6 31. Rxd6+ Nxd6 32. Rc3 h6 33. Rc6
g4 34. Bg2 Rg7 35. Rc2 Rg5 36. Re2 Rxh5 37. f4 gxf3 38. Bxf3 Rg5 39. Kf2 Nb5
40. Re6 h5 41. Rh6 Nxd4 42. Bxh5 Nb5 43. Bf3 Rg7 44. Rh1 Ke7 {unreadable}  0-1

[Event "M.Chigorin Memorial 2017 "]
[Site "?????-?????????"]
[Date "2017.10.26"]
[Round "6"]
[Board "26"]
[White "Schekachikhin, Maksim"]
[Black "Lintchevski, Daniil"]
[Result "1/2-1/2"]
[WhiteElo "2348"]
[BlackElo "2560"]
[PlyCount "43"]
[EventDate "2017.10.21"]
[EventRounds "9"]
[EventCountry "RUS"]

1. d4 Nf6 2. c4 b6 3. Nc3 Bb7 4. Qc2 d5 5. Bg5 e6 6. cxd5 exd5 7. Nf3 Be7 8. g3
O-O 9. Bg2 h6 10. Bf4 c5 11. O-O Nc6 12. Rad1 c4 13. Ne5 a6 14. Nxc6 Bxc6 15.
b3 b5 16. bxc4 bxc4 17. Rb1 Qd7 18. Rfd1 Nh5 19. Bd2 Nf6 20. Bf4 Nh5 21. Bd2
Nf6 22. Bf4  1/2-1/2

[Event "M.Chigorin Memorial 2017 "]
[Site "?????-?????????"]
[Date "2017.10.26"]
[Round "6"]
[Board "27"]
[White "Tsydypov, Zhamsaran"]
[Black "Bykov, Egor"]
[Result "1-0"]
[WhiteElo "2529"]
[BlackElo "2346"]
[PlyCount "75"]
[EventDate "2017.10.21"]
[EventRounds "9"]
[EventCountry "RUS"]

1. e4 e5 2. Nf3 Nc6 3. Bc4 Bc5 4. d3 Nf6 5. Bb3 O-O 6. Nbd2 d6 7. c3 a5 8. Nf1
Be6 9. Bg5 Bxb3 10. axb3 Qe7 11. Ng3 Qe6 12. O-O h6 13. Bh4 g5 14. Bxg5 hxg5
15. d4 exd4 16. cxd4 Nxe4 17. Re1 d5 18. dxc5 Qg6 19. Qxd5 Nxg3 20. hxg3 Nb4
21. Qc4 Rfe8 22. Rad1 Qf6 23. Qc3 Rxe1+ 24. Nxe1 Qf5 25. Nf3 Re8 26. Qc4 Re4
27. Qc1 g4 28. Qh6 Nc6 29. Nh4 Qe5 30. Rd7 Qg7 31. Qh5 Qf6 32. Nf5 Kf8 33. Rxc7
Nd8 34. Rd7 Ke8 35. Rd1 Re5 36. Nd6+ Kf8 37. Qxg4 b6 38. cxb6  1-0

[Event "M.Chigorin Memorial 2017 "]
[Site "?????-?????????"]
[Date "2017.10.26"]
[Round "6"]
[Board "28"]
[White "Chen, Qi B"]
[Black "Geller, Jakov"]
[Result "0-1"]
[WhiteElo "2345"]
[BlackElo "2526"]
[PlyCount "120"]
[EventDate "2017.10.21"]
[EventRounds "9"]
[EventCountry "RUS"]

1. e4 c5 2. Nf3 e6 3. Nc3 a6 4. Be2 b5 5. d4 cxd4 6. Qxd4 Nc6 7. Qe3 d6 8. O-O
Nf6 9. h3 Be7 10. Rd1 Qc7 11. a4 b4 12. Na2 d5 13. exd5 Nxd5 14. Qe4 O-O 15.
Bg5 Bb7 16. Bd3 g6 17. Bc4 Bxg5 18. Nxg5 Nf4 19. Bf1 h6 20. Nf3 a5 21. Qc4 Rfc8
22. c3 bxc3 23. Nxc3 Nb4 24. Qxc7 Rxc7 25. Nd4 e5 26. Ndb5 Rc5 27. Rd2 Bc6 28.
Rad1 e4 29. Rd8+ Rxd8 30. Rxd8+ Kg7 31. Nd4 Nfd3 32. Nxc6 Nxc6 33. Rd7 Nxb2 34.
Nxe4 Rc1 35. Nd6 Kf6 36. Rxf7+ Ke6 37. Rb7 Nxa4 38. Nc4 Nc3 39. f3 Kd5 40. Rd7+
Kc5 41. Rc7 a4 42. Kf2 Nb5 43. Rc8 Nba7 44. Rg8 Rxf1+ 45. Kxf1 Kxc4 46. Rxg6 a3
47. Re6 a2 48. Re1 Nb5 49. Ra1 Kb3 50. Kf2 Nbd4 51. Kg3 Ne6 52. Kh4 Ng7 53. g4
Kb2 54. Rxa2+ Kxa2 55. f4 Ne7 56. Kg3 Kb3 57. h4 Kc4 58. f5 Nexf5+ 59. gxf5
Nh5+ 60. Kg4 Nf6+  0-1

[Event "M.Chigorin Memorial 2017 "]
[Site "?????-?????????"]
[Date "2017.10.26"]
[Round "6"]
[Board "29"]
[White "Steinberg, Nitzan"]
[Black "Payen, Arnaud"]
[Result "1/2-1/2"]
[WhiteElo "2524"]
[BlackElo "2335"]
[PlyCount "105"]
[EventDate "2017.10.21"]
[EventRounds "9"]
[EventCountry "RUS"]

1. e4 e5 2. Nf3 Nc6 3. Bb5 a6 4. Ba4 Nf6 5. O-O Be7 6. Re1 b5 7. Bb3 d6 8. c3
O-O 9. h3 Nd7 10. d4 Nb6 11. Nbd2 Bf6 12. Nf1 Re8 13. Ng3 g6 14. Bh6 Na5 15.
Bc2 c5 16. d5 Bd7 17. b3 Nb7 18. Qd2 Qe7 19. Nh2 a5 20. Ngf1 c4 21. b4 axb4 22.
cxb4 Rec8 23. a3 Nd8 24. Nf3 Ra6 25. Qc3 Bg7 26. Be3 Rca8 27. Ng3 Qf8 28. Ra2
Bh6 29. Rea1 Bxe3 30. Qxe3 f6 31. Ne2 Nf7 32. Nc3 Qb8 33. Nd2 R8a7 34. Ndb1 Kg7
35. Bd1 Qb7 36. Rb2 Ra8 37. a4 bxa4 38. Na3 f5 39. f3 f4 40. Qf2 Rc8 41. Be2
Qb8 42. Nc2 Ra7 43. b5 a3 44. Rxa3 Rxa3 45. Nxa3 Rc5 46. Nc2 Qe8 47. Qe1 g5 48.
Qa1 h5 49. Qa7 Qd8 50. Rb1 g4 51. fxg4 hxg4 52. hxg4 Rc8 53. Nb4  1/2-1/2

[Event "M.Chigorin Memorial 2017 "]
[Site "?????-?????????"]
[Date "2017.10.26"]
[Round "6"]
[Board "30"]
[White "Karasev, Vladimir I"]
[Black "Golubov, Saveliy"]
[Result "1/2-1/2"]
[WhiteElo "2339"]
[BlackElo "2501"]
[PlyCount "101"]
[EventDate "2017.10.21"]
[EventRounds "9"]
[EventCountry "RUS"]

1. e4 g6 2. d4 Bg7 3. Nf3 d6 4. Bc4 Nf6 5. Nc3 O-O 6. Bb3 Nc6 7. h3 Na5 8. O-O
Nxb3 9. axb3 c6 10. Re1 d5 11. exd5 cxd5 12. Ne5 Bf5 13. Bf4 h6 14. g4 Bc8 15.
Qd2 g5 16. Bg3 e6 17. f3 Ne8 18. Kg2 Nd6 19. Re2 h5 20. Rae1 h4 21. Bh2 f5 22.
Ng6 Rf6 23. Qxg5 fxg4 24. hxg4 h3+ 25. Kh1 Nf7 26. Qh5 Rxf3 27. Nxd5 Bf6 28.
Ngf4 Bg7 29. Qg6 Qg5 30. Qe4 exd5 31. Qxf3 Bxg4 32. Re8+ Kh7 33. Qg3 Rxe8 34.
Rxe8 Nd6 35. Nxh3 Qh5 36. Re7 Nf5 37. Rxg7+ Nxg7 38. Nf4 Qf5 39. Qd3 Qxd3 40.
Nxd3 Bd1 41. Ne1 Nf5 42. Bg1 Nh4 43. Kh2 Nf3+ 44. Nxf3 Bxf3 45. c3 Bd1 46. b4
Kg6 47. Kg3 Kf5 48. Kf2 Ke4 49. Ke1 Bb3 50. Kd2 a6 51. Bh2  1/2-1/2

[Event "M.Chigorin Memorial 2017 "]
[Site "?????-?????????"]
[Date "2017.10.26"]
[Round "6"]
[Board "31"]
[White "Vakhidov, Jakhongir"]
[Black "Khlebovich, Alexander"]
[Result "1-0"]
[WhiteElo "2498"]
[BlackElo "2326"]
[PlyCount "153"]
[EventDate "2017.10.21"]
[EventRounds "9"]
[EventCountry "RUS"]

1. c4 c5 2. g3 g6 3. Bg2 Bg7 4. Nc3 Nc6 5. Nf3 e6 6. d4 cxd4 7. Nb5 d5 8. cxd5
exd5 9. Nfxd4 Nge7 10. O-O O-O 11. Be3 Ne5 12. Bg5 N5c6 13. Be3 Ne5 14. Bg5
N5c6 15. Nxc6 bxc6 16. Nd4 Bd7 17. Rc1 Rc8 18. Rc5 h6 19. Be3 Qb6 20. Qc1 Kh7
21. b3 Nf5 22. Nxf5 Bxf5 23. Bxd5 cxd5 24. Rxc8 Rxc8 25. Bxb6 Rxc1 26. Rxc1
axb6 27. Rc6 Bd4 28. a4 Kg7 29. e3 Bb2 30. Rxb6 d4 31. exd4 Bxd4 32. Rb7 Kf6
33. a5 Be4 34. Rd7 Bc5 35. b4 Ke6 36. Rd1 Bxb4 37. Rd4 Bxa5 38. Rxe4+ Kf6 39.
Kg2 h5 40. Kf3 Bb6 41. Rc4 Ke5 42. Rb4 Bd4 43. Rb5+ Ke6 44. Ra5 Kd6 45. Ke2 Ke6
46. Ra2 Kd5 47. Kd3 Bb6 48. Rb2 Bd8 49. h3 Be7 50. Rb7 Ke6 51. Kd4 Bf6+ 52. Kc4
Bd8 53. Rb2 f5 54. Re2+ Kf7 55. Kd5 Bf6 56. Rc2 Ba1 57. Rc7+ Kg8 58. Ke6 Bd4
59. Rc2 Kg7 60. Rd2 Bc3 61. Rd1 Bb2 62. Rd7+ Kg8 63. Kd5 Bc3 64. Re7 Kf8 65.
Rc7 Bb2 66. f4 Kg8 67. Rc2 Ba1 68. Kc4 Kf7 69. Ra2 Bf6 70. Ra7+ Kg8 71. Ra6 Kf7
72. Rxf6+ Kxf6 73. Kd5 Kf7 74. Kd6 Kf6 75. Kd7 Kf7 76. h4 Kf6 77. Ke8  1-0

[Event "M.Chigorin Memorial 2017 "]
[Site "?????-?????????"]
[Date "2017.10.26"]
[Round "6"]
[Board "32"]
[White "Kharchenko, Boris"]
[Black "Maltsevskaya, Aleksandra"]
[Result "1/2-1/2"]
[WhiteElo "2477"]
[BlackElo "2260"]
[PlyCount "52"]
[EventDate "2017.10.21"]
[EventRounds "9"]
[EventCountry "RUS"]

1. e4 c6 2. Nf3 d5 3. e5 Bf5 4. Nh4 Bd7 5. f4 Nh6 6. Nf3 Bg4 7. Be2 Bxf3 8.
Bxf3 e6 9. O-O Nf5 10. g3 Bc5+ 11. Kh1 h5 12. Kg2 g5 13. fxg5 Nd7 14. d4 Bxd4
15. Bxh5 Qb6 16. Nc3 Bxe5 17. g4 Rxh5 18. gxh5 Qb4 19. h3 Bxc3 20. bxc3 Qe4+
21. Kh2 Ne5 22. Bf4 Nh4 23. Kg3 Nf5+ 24. Kh2 Nh4 25. Kg3 Nf5+ 26. Kh2 Nh4
 1/2-1/2

[Event "M.Chigorin Memorial 2017 "]
[Site "?????-?????????"]
[Date "2017.10.26"]
[Round "6"]
[Board "33"]
[White "Kobo, Ori"]
[Black "Chukavin, Kirill"]
[Result "1-0"]
[WhiteElo "2460"]
[BlackElo "2256"]
[PlyCount "53"]
[EventDate "2017.10.21"]
[EventRounds "9"]
[EventCountry "RUS"]

1. Nf3 Nf6 2. d4 e6 3. e3 d5 4. Bd3 Bd6 5. Nbd2 c5 6. e4 dxe4 7. Nxe4 Nxe4 8.
Bxe4 Nd7 9. c3 Qc7 10. Qe2 O-O 11. Bg5 h6 12. Bh4 e5 13. O-O exd4 14. cxd4 cxd4
15. Rac1 Qb6 16. Bb1 g6 17. Rfd1 Nc5 18. Bf6 Ne6 19. g3 Bd7 20. Nxd4 Bc5 21.
Nf5 Bb5 22. Nxh6+ Kh7 23. Qh5 Bxf2+ 24. Kg2 Ng7 25. Qh4 Bc6+ 26. Rxc6 Qxc6+ 27.
Be4  1-0